00449 a2200169 4500003000400000005001700004008004100021020001800062020001800080040000900098082001500107100001900122245006800141250001300209260003900222300001800261OSt20231128105358.0231128b |||||||| |||| 00| 0 eng d a9789354663444 a9789354663499 coclc a612bCHA/H aChatterjee C C aC C Chatterjee's Human Physiology /cEdited by Nitin Ashok John a14th ed. aNew Delhi:bCBS Publishers,c2022. a2 Vols, 1022p